Beszélő fej
Magyar nyelvű, vizuális szövegfelolvasó fejlesztéséről számolunk be cikkünkben. Az animáció háromdimenziós fejmodell mozgatásán alapul. Az artikuláció kialakításához felhasználtuk a fellelhető hangalbumok anyagát, a dinamikus vizsgálatnál saját vizuális beszédfelismerési kutatási eredményekre támasz...
Elmentve itt :
| Szerzők: | |
|---|---|
| Testületi szerző: | |
| Dokumentumtípus: | Könyv része |
| Megjelent: |
2003
|
| Sorozat: | Magyar Számítógépes Nyelvészeti Konferencia
1 |
| Kulcsszavak: | Nyelvészet - számítógép alkalmazása |
| Online Access: | http://acta.bibl.u-szeged.hu/59393 |
| LEADER | 01606naa a2200205 i 4500 | ||
|---|---|---|---|
| 001 | acta59393 | ||
| 005 | 20260224081030.0 | ||
| 008 | 190715s2003 hu o 100 hun d | ||
| 040 | |a SZTE Egyetemi Kiadványok Repozitórium |b hun | ||
| 041 | |a hun | ||
| 100 | 1 | |a Czap László | |
| 245 | 1 | 0 | |a Beszélő fej |h [elektronikus dokumentum] / |c Czap László |
| 260 | |c 2003 | ||
| 300 | |a 196-201 | ||
| 490 | 0 | |a Magyar Számítógépes Nyelvészeti Konferencia |v 1 | |
| 520 | 3 | |a Magyar nyelvű, vizuális szövegfelolvasó fejlesztéséről számolunk be cikkünkben. Az animáció háromdimenziós fejmodell mozgatásán alapul. Az artikuláció kialakításához felhasználtuk a fellelhető hangalbumok anyagát, a dinamikus vizsgálatnál saját vizuális beszédfelismerési kutatási eredményekre támaszkodtunk. A koartikulációs hatások figyelembe vételéhez a jellemzőket domináns, rugalmas és határozatlan osztályokba soroltuk, ezek alapján határoztuk meg a mozgásfázisok közötti interpolációt A természetesség javítása érdekében többek között álvéletlen fejmozgásokat és pislogást programozunk. A szemöldök mozgatása fontos szerepet játszik a gesztus kialakításában. A fejmodell működtetése során megvalósítjuk alapérzelmek kifejezését is. A cikk végén kijelöljük a továbbfejlesztés irányait. | |
| 695 | |a Nyelvészet - számítógép alkalmazása | ||
| 700 | 0 | 1 | |a Mátyás János |e aut |
| 710 | |a Magyar Számítógépes Nyelvészeti Konferencia (1.) (2003) (Szeged) | ||
| 856 | 4 | 0 | |u http://acta.bibl.u-szeged.hu/59393/1/msznykonf_001_196-201.pdf |z Dokumentum-elérés |